Aritmetica Curso Medio con calculo mentales y numerosos Ejercicios

Gespeichert in:
Bibliographische Detailangaben
1. Verfasser: Bruño, G. M.
Format: Buch
Erschienen: Medellin-Colombia Editorial- Bedout s.f
Katalog:MANES:  Suchergebnis im Bibliothekskatalog
Schulbuchspezifische Eigenschaften:
Tags: Tag hinzufügen
Keine Tags, Fügen Sie den ersten Tag hinzu!
Geändert in:07.05.2025

MARC

LEADER 00000nam a22000007a 4500
005 20250507125448.0
008 Spa
040 |a Centro_Manes   |c Manuales Escolares U. Atlántico  
100 |9 6  |a Bruño, G. M. 
245 |a Aritmetica   |b Curso Medio con calculo mentales y numerosos Ejercicios  
260 |a Medellin-Colombia   |b Editorial- Bedout   |c s.f  
300 |a 324.P  |c 14x10cm  
500 |a este libro va dirigido a los estudiantes de secundaria posee una diversidad de ecuaciones y operaciones matemáticas por ende ayuda al estudiante a comprender del por que es importante esta asignatura. el libro se encuentra en físico en la Universidad del Atlántico.  
546 |a Colombia  
561 |5 co-CDME  |a Colombia. Universidad del Atlántico  |k MANES 
690 0 |a MATE 
691 0 |a SE 
942 |2 ddc  |c BK 
999 |c 51157  |d 51157 
999 |c manes:51157  |d 51157